000
00186nam a2200085Ia 4500
008
250605s9999 xx 000 0 und d
041
_a
eng
100
_a
Probir Ghosh
245
_a
ITC LIMITED
999
_c
46319
_d
46319